| 000 | 00619nam a22001577a 4500 | ||
|---|---|---|---|
| 003 | OSt | ||
| 005 | 20150915105723.0 | ||
| 008 | 150915b xxu||||| |||| 00| 0 eng d | ||
| 040 | _cRUA | ||
| 082 | _aAGR HUO 1999 BOO25 Or1 | ||
| 100 |
_9501 _aHOUT, NORAK |
||
| 245 | _aExperimentation on tomato sauce jar at the royal university of agriculture. ( ការពិសោធន៍ទឹកប៉េងប៉ោះនៅមន្ទីពិសោធន៍សាកលវិទ្យាល័យភូមិន្ធកសិកម្ម) | ||
| 260 |
_aphnom phen _bRUA _c1999 |
||
| 300 |
_a38p. _bill. _c1999 |
||
| 942 |
_2ddc _cAGR |
||
| 999 |
_c481 _d481 |
||